000 00315nam a22001457a 4500
008 230831b ||||| |||| 00| 0 eng d
020 _a9780449907238
041 _aeng
080 _a343.9
082 _a343.9COV
100 _a40
101 _aFILO
245 _aTHE ARROW OF TIME
_cCOVENEY .P
942 _2udc
_cBK
999 _c60212
_d60212